MARC details
| 000 -CABECERA |
| campo de control de longitud fija |
00870nam a2200193 a 4500 |
| 001 - NÚMERO DE CONTROL |
| campo de control |
000041915 |
| 005 - FECHA Y HORA DE LA ÚLTIMA TRANSACCIÓN |
| campo de control |
20201002035828.0 |
| 008 - DATOS DE LONGITUD FIJA--INFORMACIÓN GENERAL |
| campo de control de longitud fija |
131022s1993 sp ac 000 0 spa d |
| 020 ## - NÚMERO INTERNACIONAL ESTÁNDAR DEL LIBRO |
| Número Internacional Estándar del Libro |
8445196511 |
| 040 ## - FUENTE DE LA CATALOGACIÓN |
| Centro catalogador/agencia de origen |
DO-SdBNP |
| Lengua de catalogación |
Spa |
| Centro/agencia transcriptor |
BNPHU |
| 245 00 - MENCIÓN DE TÍTULO |
| Título |
Relaciones Topográficas de Felipe II / |
| Mención de responsabilidad, etc. |
Alfredo Alvar Ezquerra. |
| 260 ## - PUBLICACIÓN, DISTRIBUCIÓN, ETC. |
| Lugar de publicación, distribución, etc. |
Madrid : |
| Nombre del editor, distribuidor, etc. |
CSIC, |
| Fecha de publicación, distribución, etc. |
1993. |
| 300 ## - DESCRIPCIÓN FÍSICA |
| Extensión |
193 p. : |
| Otras características físicas |
il., retrs. ; |
| Dimensiones |
31 cm. |
| 504 ## - NOTA DE BIBLIOGRAFÍA, ETC. |
| Nota de bibliografía, etc. |
Bibliografía : p. [189]-193 |
| 504 ## - NOTA DE BIBLIOGRAFÍA, ETC. |
| Nota de bibliografía, etc. |
Incluye referencias bibliográficas y notas al pie de las páginas |
| 505 0# - NOTA DE CONTENIDO CON FORMATO |
| Nota de contenido con formato |
v. 1 |
| Título |
Transcripción de los manuscritos / |
| Mención de responsabilidad |
coordinador Alfredo Alvar Ezquerra-- |
| Información miscelánea |
v. 2 |
| Título |
Transcripción de los manuscritos |
| Mención de responsabilidad |
coordinador Alfredo Alvar Ezquerra-- |
| Información miscelánea |
v. 3 |
| Título |
Estudio Introductorio / |
| Mención de responsabilidad |
Alfredo Alvar Ezquerra -- |
| 700 1# - PUNTO DE ACCESO ADICIONAL--NOMBRE DE PERSONA |
| Nombre de persona |
Alvar Ezquerra, Alfredo |
| 9 (RLIN) |
68809 |
| 710 2# - PUNTO DE ACCESO ADICIONAL--NOMBRE DE ENTIDAD CORPORATIVA |
| Nombre de entidad corporativa o nombre de jurisdicción como elemento de entrada |
Consejo Superior de Investigaciones Científicas |
| 9 (RLIN) |
4786 |